|
|
|
|
| LEADER |
01859nam a2200505 a 4500 |
| 001 |
nkc20081817173 |
| 003 |
CZ PrNK |
| 005 |
20241014134559.0 |
| 007 |
ta |
| 008 |
080826s2008 xr a f 001 0 cze |
| 015 |
|
|
|a cnb001817173
|
| 020 |
|
|
|a 978-80-7357-386-7
|q (brož.) :
|c Kč 325,00
|
| 035 |
|
|
|a (OCoLC)271610897
|
| 040 |
|
|
|a ABA001
|b cze
|d BOA001
|
| 043 |
|
|
|a e------
|
| 072 |
|
7 |
|a 336.1/.5
|x Veřejné finance
|2 Konspekt
|9 4
|
| 080 |
|
|
|a 336.22:340.137
|2 MRF
|
| 080 |
|
|
|a 336.227.1
|2 MRF
|
| 080 |
|
|
|a 336.225
|2 MRF
|
| 080 |
|
|
|a 336.221.4
|2 MRF
|
| 080 |
|
|
|a (4)
|2 MRF
|
| 080 |
|
|
|a (048.8)
|2 MRF
|
| 100 |
1 |
|
|a Nerudová, Danuše,
|d 1979-
|7 mzk2005269850
|4 aut
|
| 245 |
1 |
0 |
|a Harmonizace daňových systémů zemí Evropské unie /
|c Danuše Nerudová
|
| 250 |
|
|
|a 2., aktualiz. vyd.
|
| 260 |
|
|
|a Praha :
|b ASPI,
|c 2008
|
| 300 |
|
|
|a 257 s. :
|b il. ;
|c 21 cm
|
| 490 |
1 |
|
|a Daňová řada
|
| 504 |
|
|
|a Obsahuje bibliografii, bibliografické odkazy a rejstřík
|
| 650 |
0 |
7 |
|a daňová harmonizace
|7 ph312532
|z země Evropské unie
|2 czenas
|
| 650 |
0 |
7 |
|a dvojí zdanění
|7 ph119653
|z země Evropské unie
|2 czenas
|
| 650 |
0 |
7 |
|a správa daní
|7 ph116260
|z země Evropské unie
|2 czenas
|
| 650 |
0 |
7 |
|a daňové systémy
|7 ph119347
|z země Evropské unie
|2 czenas
|
| 650 |
0 |
9 |
|a tax harmonization
|z European Union countries
|2 eczenas
|
| 650 |
0 |
9 |
|a double taxation
|z European Union countries
|2 eczenas
|
| 650 |
0 |
9 |
|a tax administration
|z European Union countries
|2 eczenas
|
| 650 |
0 |
9 |
|a tax systems
|z European Union countries
|2 eczenas
|
| 655 |
|
7 |
|a monografie
|7 fd132842
|2 czenas
|
| 655 |
|
9 |
|a monographs
|2 eczenas
|
| 830 |
|
0 |
|a Daňová řada (ASPI)
|0 s
|
| 910 |
2 |
|
|a BOA001
|b 2-1211.191
|
| 990 |
|
|
|a BK
|
| 995 |
|
|
|a 01
|
| 991 |
|
|
|b 200809
|c NOV
|
| 996 |
6 |
|
|b 2610354174
|c 2-1211.191
|l MZK
|r Sklad / do 1 hodiny
|n 9
|p p.v.
|w 000913877
|u 000010
|a 1
|e BOA001
|j MZK50
|s P
|